Something of the Something Quiz Stats

Quiz not verified by Sporcle

Also try: Actors in Songs?
Challenge
Share
Tweet
Embed
Score 0/20 Timer 12:00
0 Plays Today
Acronym Things % Correct
LotRLord of the Rings
92.2%
LotFLord of the Flies
84.3%
TotCTurn of the Century
80.4%
KotHKing of the Hill
70.6%
MotYMan of the Year
60.8%
ItEotWIt's the End of the World
58.8%
'ITKotW!''I'm the king of the world!'
45.1%
QotNQueen of the Night
43.1%
OotPHarry Potter and the Order of the Phoenix
37.3%
QotDQueen of the Damned
35.3%
Acronym Things % Correct
MotNMusic of the Night
35.3%
TNotGThe Name of the Game
31.4%
FotRFellowship of the Ring
27.5%
TSotLThe Silence of the Lambs
23.5%
ItSotNIn the Still of the Night
21.6%
CotCChildren of the Corn
21.6%
THotRSThe House of the Rising Sun
19.6%
BofTBecause of the Times
13.7%
FLotGFor Love of the Game
13.7%
MotHMatters of the Heart
7.8%

You're not logged in!

Compare scores with friends on all Sporcle quizzes.
Sign Up with Email
OR
Log In

You Might Also Like...

Show Comments

Extras

Top Quizzes Today


Score Distribution

Your Account Isn't Verified!

In order to create a playlist on Sporcle, you need to verify the email address you used during registration. Go to your Sporcle Settings to finish the process.